<?xml version="1.0" encoding="UTF-8"?>
<record
    xmlns:xsi="http://www.w3.org/2001/XMLSchema-instance"
    xsi:schemaLocation="http://www.loc.gov/MARC21/slim http://www.loc.gov/standards/marcxml/schema/MARC21slim.xsd"
    xmlns="http://www.loc.gov/MARC21/slim">

  <leader>01315nam0a2200337   4500</leader>
  <controlfield tag="001">RU\NLR\bibl\1292186</controlfield>
  <controlfield tag="005">20250615144553.0</controlfield>
  <datafield tag="010" ind1=" " ind2=" ">
    <subfield code="a">978-5-699-25760-7</subfield>
    <subfield code="9">3000</subfield>
  </datafield>
  <datafield tag="021" ind1=" " ind2=" ">
    <subfield code="a">RU</subfield>
    <subfield code="b">2008-73679</subfield>
    <subfield code="9">4236</subfield>
  </datafield>
  <datafield tag="035" ind1=" " ind2=" ">
    <subfield code="a">(nilc)EL/0000175344</subfield>
  </datafield>
  <datafield tag="035" ind1=" " ind2=" ">
    <subfield code="a">(NLR Aleph) 001277851</subfield>
  </datafield>
  <datafield tag="090" ind1=" " ind2=" ">
    <subfield code="a">480044</subfield>
    <subfield code="c">480044</subfield>
  </datafield>
  <datafield tag="100" ind1=" " ind2=" ">
    <subfield code="a">20080220d2008    |||y0rusy50      ca</subfield>
  </datafield>
  <datafield tag="101" ind1="0" ind2=" ">
    <subfield code="a">rus</subfield>
  </datafield>
  <datafield tag="102" ind1=" " ind2=" ">
    <subfield code="a">RU</subfield>
  </datafield>
  <datafield tag="105" ind1=" " ind2=" ">
    <subfield code="a">y   |||||||||</subfield>
  </datafield>
  <datafield tag="200" ind1="1" ind2=" ">
    <subfield code="a">&#x41D;&#x43E;&#x432;&#x44B;&#x439; &#x43A;&#x432;&#x430;&#x43B;&#x438;&#x444;&#x438;&#x43A;&#x430;&#x446;&#x438;&#x43E;&#x43D;&#x43D;&#x44B;&#x439; &#x441;&#x43F;&#x440;&#x430;&#x432;&#x43E;&#x447;&#x43D;&#x438;&#x43A; &#x434;&#x43E;&#x43B;&#x436;&#x43D;&#x43E;&#x441;&#x442;&#x435;&#x439; &#x440;&#x443;&#x43A;&#x43E;&#x432;&#x43E;&#x434;&#x438;&#x442;&#x435;&#x43B;&#x435;&#x439;, &#x441;&#x43F;&#x435;&#x446;&#x438;&#x430;&#x43B;&#x438;&#x441;&#x442;&#x43E;&#x432; &#x438; &#x434;&#x440;&#x443;&#x433;&#x438;&#x445; &#x441;&#x43B;&#x443;&#x436;&#x430;&#x449;&#x438;&#x445;</subfield>
    <subfield code="f">[&#x43E;&#x442;&#x432;. &#x440;&#x435;&#x434;. &#x422;. &#x421;&#x43A;&#x443;&#x440;&#x430;&#x442;&#x43E;&#x432;&#x430;]</subfield>
  </datafield>
  <datafield tag="210" ind1=" " ind2=" ">
    <subfield code="a">&#x41C;&#x43E;&#x441;&#x43A;&#x432;&#x430;</subfield>
    <subfield code="c">&#x42D;&#x43A;&#x441;&#x43C;&#x43E;</subfield>
    <subfield code="d">2008</subfield>
  </datafield>
  <datafield tag="215" ind1=" " ind2=" ">
    <subfield code="a">412, [1] &#x441;.</subfield>
    <subfield code="d">20</subfield>
  </datafield>
  <datafield tag="225" ind1="1" ind2=" ">
    <subfield code="a">&#x41E;&#x442;&#x434;&#x435;&#x43B; &#x43A;&#x430;&#x434;&#x440;&#x43E;&#x432;</subfield>
  </datafield>
  <datafield tag="606" ind1="1" ind2=" ">
    <subfield code="a">&#x421;&#x43B;&#x443;&#x436;&#x430;&#x449;&#x438;&#x435;</subfield>
    <subfield code="j">&#x41A;&#x432;&#x430;&#x43B;&#x438;&#x444;&#x438;&#x43A;&#x430;&#x446;&#x438;&#x43E;&#x43D;&#x43D;&#x43E;-&#x442;&#x430;&#x440;&#x438;&#x444;&#x43D;&#x44B;&#x435; &#x441;&#x43F;&#x440;&#x430;&#x432;&#x43E;&#x447;&#x43D;&#x438;&#x43A;&#x438;</subfield>
    <subfield code="x">&#x414;&#x43E;&#x43B;&#x436;&#x43D;&#x43E;&#x441;&#x442;&#x438;</subfield>
    <subfield code="y">&#x420;&#x43E;&#x441;&#x441;&#x438;&#x439;&#x441;&#x43A;&#x430;&#x44F; &#x424;&#x435;&#x434;&#x435;&#x440;&#x430;&#x446;&#x438;&#x44F;</subfield>
    <subfield code="9">2142945</subfield>
    <subfield code="3">RU\NLR\auth\661291391</subfield>
  </datafield>
  <datafield tag="686" ind1=" " ind2=" ">
    <subfield code="a">67.627.1</subfield>
    <subfield code="v">LBC/RL</subfield>
    <subfield code="2">rubbk</subfield>
  </datafield>
  <datafield tag="686" ind1=" " ind2=" ">
    <subfield code="a">&#x423;24(2)920.12&#x44F;27</subfield>
  </datafield>
  <datafield tag="686" ind1=" " ind2=" ">
    <subfield code="a">&#x423;24(2)56&#x44F;27</subfield>
  </datafield>
  <datafield tag="702" ind1=" " ind2="1">
    <subfield code="a">&#x421;&#x43A;&#x443;&#x440;&#x430;&#x442;&#x43E;&#x432;&#x430;</subfield>
    <subfield code="b">&#x422;. &#x412;.</subfield>
    <subfield code="4">340</subfield>
  </datafield>
  <datafield tag="801" ind1=" " ind2="0">
    <subfield code="a">RU</subfield>
    <subfield code="b">&#x41D;&#x411;&#x420; &#x423;&#x434;&#x43C;&#x443;&#x440;&#x442;&#x438;&#x44F;</subfield>
    <subfield code="c">20080220</subfield>
    <subfield code="g">rcr</subfield>
  </datafield>
  <datafield tag="801" ind1=" " ind2="1">
    <subfield code="a">RU</subfield>
    <subfield code="b">&#x41D;&#x411;&#x420; &#x423;&#x434;&#x43C;&#x443;&#x440;&#x442;&#x438;&#x44F;</subfield>
    <subfield code="c">20080220</subfield>
  </datafield>
  <datafield tag="801" ind1=" " ind2="2">
    <subfield code="a">RU</subfield>
    <subfield code="b">NLR</subfield>
    <subfield code="c">20081107</subfield>
    <subfield code="g">rcr</subfield>
  </datafield>
  <datafield tag="942" ind1=" " ind2=" ">
    <subfield code="c">BOOK</subfield>
  </datafield>
  <datafield tag="980" ind1=" " ind2=" ">
    <subfield code="a">NB</subfield>
  </datafield>
  <datafield tag="995" ind1=" " ind2=" ">
    <subfield code="5">2008-11-07</subfield>
    <subfield code="a">ad</subfield>
    <subfield code="b">NLR01</subfield>
    <subfield code="c">NLR01</subfield>
    <subfield code="e">RF9</subfield>
    <subfield code="f">2786882</subfield>
    <subfield code="k">2008-3/33051</subfield>
    <subfield code="o">0</subfield>
    <subfield code="r">BOOK</subfield>
    <subfield code="s">2008333051_</subfield>
  </datafield>
  <datafield tag="995" ind1=" " ind2=" ">
    <subfield code="5">2008-11-07</subfield>
    <subfield code="a">ad</subfield>
    <subfield code="b">NLR01</subfield>
    <subfield code="c">NLR01</subfield>
    <subfield code="e">RF9</subfield>
    <subfield code="f">2786883</subfield>
    <subfield code="k">2008-3/33051</subfield>
    <subfield code="o">0</subfield>
    <subfield code="r">BOOK</subfield>
    <subfield code="s">2008333051_</subfield>
  </datafield>
</record>
